000 00377nam a2200145Ia 4500
008 230917s9999||||xx |||||||||||||| ||und||
040 _e197724
_aMAIN
041 _aEnglish
082 _a660.2988 H198O
100 _aHanson, James R
245 0 _aOrganic Chemistry of isotopic labelling
260 _aCambridge
_bRSC Publishing
_c2011
300 _axii, 184 p.
942 _cBK
999 _c162709
_d162709